Statistics for Name a Valid Led Zeppelin Song

Click here to take the quiz!

General Stats

  • This quiz has been taken 381 times
  • The average score is 7 of 10

Answer Stats

Name a song ...Valid songs% Correct
has song in the titleThe Lemon Song | Immigrant Song | The Song Remains the Same |
The Rain Song | The Wanton Song
95%
top 10 most played song on the radioStairway to Heaven | Whole Lotta Love | Black Dog |
Immigrant Song | Rock and Roll | Kashmir | All My Love |
D'yer Mak'er | Ramble On | Good Times Bad Times
93%
has love in the titleWhole Lotta Love | Living Loving Maid (She's Just a Woman) |
Since I've Been Loving You | All of My Love
92%
is a singleGood Times Bad Times | Whole Lotta Love | Immigrant Song | Black Dog |
Rock and Roll | Over the Hills and Far Away | D'yer Mak'er |
The Ocean | Trampled Under Foot | Candy Store Rock | Fool in the Rain
83%
has time in the titleGood Times Bad Times | Your Time Is Gonna Come |
How Many More Times | In My Time of Dying
82%
one wordFriends | Tangerine | The Crunge | The Ocean | The Rover | Kashmir | Carouselambra
81%
on PresenceAchilles Last Stand | For Your Life | Royal New Orleans | Nobody's Fault But Mine | Candy Store Rock | Hot's On for Nowhere | Tea for One
58%
instrumental (no lyrics)Black Mountain Side | Moby Dick | Bron-Yr-Aur | Bonzo's Manteaux
58%
over ten minutes longIn My Time of Dying | Achilles Last Stand | Carouselambra
58%
b side of a singleCommunication Breakdown | Living Loving Maid (She's Just a Woman) |
Hey, Hey, What Can I Do | Misty Mountain Hop | Four Sticks | Dancing Days |
The Crunge | Black Country Woman | Royal Orleans | Hot Dog
46%

Score Distribution

Percentile by Number Answered

Percent of People with Each Score

Your Score History

You have not taken this quiz